Central Library OPAC University of Rajshahi

The politics of peace-keeping / (Record no. 4498)

MARC details
000 -LEADER
fixed length control field 01067nam a2200325 a 4500
001 - CONTROL NUMBER
control field 4498
003 - CONTROL NUMBER IDENTIFIER
rucl marc code UkOxU
005 - DATE AND TIME OF LATEST TRANSACTION
control field 20211208233913.0
008 - FIXED-LENGTH DATA ELEMENTS--GENERAL INFORMATION
fixed length control field 131222s1969 enk b 001 0 eng
020 ## - INTERNATIONAL STANDARD BOOK NUMBER
International Standard Book Number 0701114614 (hbk.)
035 ## - SYSTEM CONTROL NUMBER
System control number 0701114614
040 ## - CATALOGING SOURCE
Original cataloging agency DLC
Transcribing agency DLC
Modifying agency m.c
-- m/c
Language of cataloging eng
041 ## - LANGUAGE CODE
Language code of text/sound track or separate title eng
082 ## - DEWEY DECIMAL CLASSIFICATION NUMBER
Classification number 341.52
Author mark and year JAP 1969
100 1# - MAIN ENTRY--PERSONAL NAME
Personal name James, Alan,
Dates associated with a name 1933-
9 (RLIN) 14220
245 14 - TITLE STATEMENT
Title The politics of peace-keeping /
Statement of responsibility, etc. Alan James.
246 1# - VARYING FORM OF TITLE
Title proper/short title Politics of peacekeeping
260 ## - PUBLICATION, DISTRIBUTION, ETC. (IMPRINT)
Place of publication, distribution, etc. London :
Name of publisher, distributor, etc. Chatto & Windus, for the Institute for Strategic Studies,
Date of publication, distribution, etc. 1969.
300 ## - PHYSICAL DESCRIPTION
Pagination [9], 452 p. ;
Size 23 cm
490 1# - SERIES STATEMENT
Series statement Studies in international security ;
Volume/sequential designation 12
504 ## - BIBLIOGRAPHY, ETC. NOTE
Bibliography, etc includes bibliographical references (p. [441]-444) and index.
610 20 - SUBJECT ADDED ENTRY--CORPORATE NAME
Corporate name or jurisdiction name as entry element United Nations
650 #0 - SUBJECT ADDED ENTRY--TOPICAL TERM
Topical term or geographic name as entry element Arbitration (International law)
9 (RLIN) 11045
710 2# - ADDED ENTRY--CORPORATE NAME
Corporate name or jurisdiction name as entry element International Institute for Strategic Studies.
9 (RLIN) 14223
830 #0 - SERIES ADDED ENTRY--UNIFORM TITLE
Volume number/sequential designation 12
830 #0 - SERIES ADDED ENTRY--UNIFORM TITLE
Uniform title Studies in international security ;
942 ## - ADDED ENTRY ELEMENTS (KOHA)
Source of classification or shelving scheme Dewey Decimal Classification
Koha item type Books
Holdings
Lost status Source of classification or shelving scheme Damaged status Not for loan Collection code Permanent Location Current Location Shelving location Date acquired Source of acquisition Cost, normal purchase price Total Checkouts Full call number Date last seen Copy number Koha item type
  Dewey Decimal Classification   Not For Loan Non-fiction Central Library, University of Rajshahi Central Library, University of Rajshahi Reading Room 10/07/1972 Book Centre. 69.30   341.52 JAP 1969 22/12/2013 C-1 Books